Almost Useless TV Trivia VI Quiz Stats

Quiz Updated Aug 31, 2016

Challenge
Share
Tweet
Embed
Score 0/22 Timer 05:00
36 Plays Today
% Correct
Sex and the City
95.3%
America's Got Talent
95%
Gotham
93.7%
3rd Rock From the Sun
92.8%
Family Guy
92.3%
Doogie Howser, M.D.
91.6%
Bates Motel
91.5%
Saved by the Bell
89.7%
I Dream of Jeannie
89.3%
Charmed
85.5%
Veep
85.2%
% Correct
Phineas and Ferb
83.4%
The Wonder Years
82.6%
Bones
82%
Prison Break
81.8%
Brooklyn Nine-Nine
81.3%
Jessica Jones
80.8%
Law & Order
78.7%
Fear the Walking Dead
77.8%
How to Get Away With Murder
76.7%
Mr. Robot
71.5%
Master of None
70.8%

You're not logged in!

Compare scores with friends on all Sporcle quizzes.
Sign Up with Email
OR
Log In

You Might Also Like...

Show Comments

Extras

Top Quizzes Today


Score Distribution

Your Account Isn't Verified!

In order to create a playlist on Sporcle, you need to verify the email address you used during registration. Go to your Sporcle Settings to finish the process.